Appellations of Southern France - Statistics

General Stats
  • This quiz has been taken 214 times
    203 since last reset
  • The average score is 5 of 9
Answers on the Map
Answers color-coded by a green-red scale on the quiz's map according to % correct below.
 
Answer Stats
Answer % Correct
Côtes de Provence
84%
Pays d'Oc
69%
Bandol
67%
Côtes du Roussillon
60%
Fitou
58%
Minervois
52%
Picpoul de Pinet
49%
Côtes du Roussillon Villages
48%
Corbières
46%
No matching quizzes found
Score Distribution
Percent of People with Each Score
Percentile by Number Answered
Your Score History
You have not taken this quiz since the last reset